RECENT ADVANCES IN OBSTETRICS & GYNAECOLOGY 5 / (Record no. 795770)

MARC details
000 -LEADER
fixed length control field 00491pam a2200181 a 4500
020 ## - INTERNATIONAL STANDARD BOOK NUMBER
International Standard Book Number 8171798179
Terms of availability 275.00
041 ## - LANGUAGE CODE
Language code of text/sound track or separate title eng
Language code of original NULL
082 ## - DEWEY DECIMAL CLASSIFICATION NUMBER
Classification number 618.2
Item number DAS
100 ## - MAIN ENTRY--PERSONAL NAME
Personal name DASGUPTA, S .
245 ## - TITLE STATEMENT
Title RECENT ADVANCES IN OBSTETRICS & GYNAECOLOGY 5 /
Statement of responsibility, etc. NULL.
Medium Textual Documents
250 ## - EDITION STATEMENT
Edition statement /
Remainder of edition statement .
260 ## - PUBLICATION, DISTRIBUTION, ETC.
Place of publication, distribution, etc. NULL :
Name of publisher, distributor, etc. JAYPEE BROTHERS MEDICAL PUB. ,
Date of publication, distribution, etc. 2001.
300 ## - PHYSICAL DESCRIPTION
Extent 245 :
Other physical details x ;
Dimensions NULL .
365 ## - TRADE PRICE
Price type code 275.00
650 ## - SUBJECT ADDED ENTRY--TOPICAL TERM
Topical term or geographic name entry element OBST.GYNE
930 ## - EQUIVALENCE OR CROSS-REFERENCE-UNIFORM TITLE HEADING [LOCAL, CANADA]
Uniform title 1234
Holdings
Withdrawn status Lost status Damaged status Not for loan Collection Home library Current library Date acquired Source of acquisition Cost, normal purchase price Total Checkouts Full call number Barcode Date last seen Copy number Price effective from Koha item type
          Medical College & Hospital, Sangli Medical College & Hospital, Sangli 28/11/2011 275.00   618.2 DAS MCS-3576 26/07/2023 1 26/07/2023 Book